000 00293nam a22001337a 4500
008 170601b xxu||||| |||| 00| 0 eng d
020 _a0395274206
041 _aeng
080 _a93
100 _a17
101 _aSHH
245 _aA HISTORY OF WESTERN SOCIETY
_cMCCKAY, S
942 _2udc
_cBK
999 _c15312
_d15312